Process control instrumentation technology / (Record no. 174816)
[ view plain ]
| 000 -LEADER | |
|---|---|
| fixed length control field | 00699cam a2200217 a 4500 |
| 001 - CONTROL NUMBER | |
| control field | vtls001359760 |
| 003 - CONTROL NUMBER IDENTIFIER | |
| control field | MY-SjTCS |
| 005 - DATE AND TIME OF LATEST TRANSACTION | |
| control field | 20200226121016.0 |
| 008 - FIXED-LENGTH DATA ELEMENTS--GENERAL INFORMATION | |
| fixed length control field | 110218s1997 njua 00 0 eng |
| 020 ## - INTERNATIONAL STANDARD BOOK NUMBER | |
| International Standard Book Number | 0132614960 |
| 039 #9 - LEVEL OF BIBLIOGRAPHIC CONTROL AND CODING DETAIL [OBSOLETE] | |
| Level of rules in bibliographic description | 201209061137 |
| Level of effort used to assign nonsubject heading access points | izani |
| Level of effort used to assign subject headings | 201102181251 |
| Level of effort used to assign classification | VLOAD |
| -- | 200407271854 |
| -- | VLOAD |
| 082 04 - DEWEY DECIMAL CLASSIFICATION NUMBER | |
| Classification number | 629.831 |
| Item number | JOH |
| 100 1# - MAIN ENTRY--PERSONAL NAME | |
| Personal name | Johnson, Curtis D. |
| 9 (RLIN) | 7614 |
| 245 10 - TITLE STATEMENT | |
| Title | Process control instrumentation technology / |
| Statement of responsibility, etc. | Curtis D. Johnson. |
| 250 ## - EDITION STATEMENT | |
| Edition statement | 5th ed., Int. ed. |
| 260 ## - PUBLICATION, DISTRIBUTION, ETC. | |
| Place of publication, distribution, etc. | Upper Saddle River, N. J. : |
| Name of publisher, distributor, etc. | Prentice Hall, |
| Date of publication, distribution, etc. | 1997. |
| 300 ## - PHYSICAL DESCRIPTION | |
| Extent | xiv, 638 p. : |
| Other physical details | ill. ; |
| Dimensions | 25 cm. |
| 650 #0 - SUBJECT ADDED ENTRY--TOPICAL TERM | |
| Topical term or geographic name entry element | Engineering instruments. |
| 9 (RLIN) | 4462 |
| 650 #0 - SUBJECT ADDED ENTRY--TOPICAL TERM | |
| Topical term or geographic name entry element | Process control. |
| 920 ## - Programme | |
| Programme | SABD : 522224 |
| Withdrawn status | Lost status | Source of classification or shelving scheme | Damaged status | Not for loan | Home library | Current library | Date acquired | Total Checkouts | Barcode | Date last seen | Date last checked out | Copy number | Uniform Resource Identifier | Koha item type | Public note |
|---|---|---|---|---|---|---|---|---|---|---|---|---|---|---|---|
| Dewey Decimal Classification | Taylor's Library-TU | Taylor's Library-TU | 27/07/2004 | 9 | 5000031039 | 12/12/2019 | 26/09/2016 | 1 | Floor 4, Shelf 20 , Side 1, TierNo 5, BayNo 5 | Main Collection | SABDx,23002,03,GR |